Manchester United Quiz #1 - Statistics

General Stats
  • This quiz has been taken 24 times
  • The average score is 6 of 10
Answer Stats
Question Answer % Correct
Which player scored a goal from the halfway line Vs Wimbledon in the 1996/97 season? David Beckham
90%
Which player did Manchester United sign from Nottingham Forest for 3.75 million in 1993 Roy Keane
90%
What was Manchester United's lowest ever Premier League position? 15th
86%
How many appearances did Ryan Giggs make for Manchester United? 672
62%
In the final match of the 1994/95 season, Manchester United drew 1-1 failing to win and losing the Premier League Title to Blackburn Rovers. Who were Manchester United playing against? West Ham United
62%
As from May 2025, how many FA Cups has Manchester United won? 13
48%
When did Manchester United win their first English top flight league title? 1907/08
43%
Against which team did Manchester United win 3-1 on aggregate score in the 1999 Champions League Quarter Final? Inter Milan
43%
What year was Matt Busby appointed Manchester United manager? 1945
29%
How many goals did Eric Cantona score for Manchester United? 64
29%
No matching quizzes found
Score Distribution
Percent of People with Each Score
Percentile by Number Answered
Your Score History
You have not taken this quiz